Quick Pick: Pokémon Endings Quiz Stats

 Plays Quiz Updated Jun 23, 2019

Score 0/15 Timer 01:30
2 Plays Today
% Correct
chu
92.4%
saur
90.3%
der
90.1%
ee
89.6%
eon
87.4%
duck
87%
ix
85.9%
ter
84.2%
% Correct
bat
83.4%
king
81.9%
dos
81.8%
ing
80.8%
no
79.3%
ler
79.1%
ow
77.8%

Today's Daily Dose

You're not logged in!

Compare scores with friends on all Sporcle quizzes.
OR
Log In

Sporcle TV

Today on Sporcle TV


Watch our educational content, quiz creation guides, and fun videos on Sporcle TV.

Show Comments

Extras

Top Quizzes Today


Score Distribution

Your Account Isn't Verified!

In order to create a playlist on Sporcle, you need to verify the email address you used during registration. Go to your Sporcle Settings to finish the process.

Report this User

Report this user for behavior that violates our Community Guidelines.

Details: